The regional organizations of the Asia Pacific (Record no. 74080)
[ view plain ]
| 000 -LEADER | |
|---|---|
| fixed length control field | 01478nam a22003734a 4500 |
| 082 04 - DEWEY DECIMAL CLASSIFICATION NUMBER | |
| Classification number | 337.1/5 |
| 245 04 - TITLE STATEMENT | |
| Title | The regional organizations of the Asia Pacific |
| 260 ## - PUBLICATION, DISTRIBUTION, ETC. (IMPRINT) | |
| Place of publication | Houndmills, Basingstoke, Hampshire ; |
| -- | New York : |
| Name of publisher | Palgrave Macmillan, |
| Year of publication | 2003. |
| 300 ## - PHYSICAL DESCRIPTION | |
| Number of Pages | xiv, 247 p. : |
| Other physical details | ill. |
| 650 #0 - SUBJECT ADDED ENTRY--TOPICAL TERM | |
| Topical Term | Asian cooperation. |
| Topical Term | Pacific Area cooperation. |
| Topical Term | Regionalism |
| Topical Term | Regionalism |
| 700 1# - ADDED ENTRY--PERSONAL NAME | |
| Personal name | Wesley, Michael, |
| 856 40 - ELECTRONIC LOCATION AND ACCESS | |
| Uniform Resource Identifier | http://site.ebrary.com/lib/rucke/Doc?id=10076950 |
No items available.
